00269nam a2200121Ia 4500008004100000100001300041245001800054260003000072300000700102650001400109942000700123999001700130190216s9999||||xx |||||||||||||| ||und|| aRaja K K 0aMannum Vinnum bNational Book Stallc1967 a51 aKavithkal cBK c23874d23874